| 000 | 00694nam a2200229Ia 4500 | ||
|---|---|---|---|
| 003 | OSt | ||
| 005 | 20260314090704.0 | ||
| 008 | 210716s2012 xx 000 0 und d | ||
| 020 | _a9789380381237 | ||
| 040 | _cAIMIT LIBRARY | ||
| 041 | _aeng | ||
| 082 |
_a658.404 _bHALJ |
||
| 100 |
_aHallows, Jolyon. _9258713 |
||
| 245 |
_aInformation systems project management / _cBy Jolyon Hallows. |
||
| 250 | _a2nd ed. | ||
| 260 |
_aNew Delhi : _bYes Dee Publishing Pvt Ltd , _c2012. |
||
| 300 |
_axv,286 p.; _bPB _c23 cm. |
||
| 650 |
_aUnderstanding the projects _9258714 |
||
| 650 |
_aDefining the projects _9258715 |
||
| 650 |
_aPlanning the project _9258716 |
||
| 942 |
_2ddc _cBK _e2 _k658.404 HALJ |
||
| 999 |
_c193564 _d193564 |
||